Statistics for Animals of Britain (Picture Quiz) #1

Click here to take the quiz!

General Stats

  • This quiz has been taken 47 times
  • The average score is 9 of 16

Answer Stats

Answer% Correct
Atlantic puffin
98%
Common kingfisher
84%
Common European adder
72%
Grey heron
72%
Eurasian blue tit
63%
European water vole
60%
European pine marten
56%
{Grey} seal
56%
Common cuttlefish
53%
Goldfinch
44%
Northern lapwing
42%
Red admiral
42%
{Great} {crested} newt
40%
{Viviparous} lizard
40%
European river lamprey
35%
{Lesser} {horseshoe} bat
9%

Score Distribution

Percentile by Number Answered

Percent of People with Each Score

Your Score History

You have not taken this quiz